000 00591cam a22002053a 4500
001 37393
003 PGUSA
005 20140828083823.0
008 110922s2011||||xxu|||||s|||||000 | eng d
040 _aPGUSA
_beng
042 _adc
100 1 _aBergman, Johan Albert,
_d1844-1924
245 1 0 _aAumolan emäntä :
_bNovelli
_h[electronic resource] /
_cJohan Albert Bergman
260 _bProject Gutenberg,
_c2011
506 _aPublic domain in the USA.
516 _aElectronic text
830 0 _aProject Gutenberg
_v37393
856 4 0 _uhttp://www.gutenberg.org/ebooks/37393
942 _cEB
999 _c266647
_d266647